Statistics for Taylor Swift's Mine Lyrics

Click here to take the quiz!

General Stats

  • This quiz has been taken 948 times
    (947 since last reset)
  • The average score is 348 of 398

Answer Stats

Answer% Correct
You
99%
you
99%
I
99%
a
99%
The
98%
the
98%
mine
98%
we
98%
We
98%
were
97%
we're
97%
ever
96%
to
96%
that
96%
of
95%
it
95%
in
95%
thing
94%
are
94%
me
94%
been
94%
time
94%
was
94%
never
94%
best
93%
that's
93%
look
92%
with
92%
daughter
92%
first
92%
love
92%
for
91%
part
91%
back
91%
on
91%
by
91%
tables
91%
remember
91%
my
90%
Do
90%
careless
90%
your
90%
water
90%
sitting
90%
waiting
90%
do
90%
careful
90%
can
90%
working
90%
out
89%
and
89%
why
89%
see
89%
And
89%
there
89%
town
89%
college
89%
looked
89%
small
88%
last
88%
man's
88%
fear
87%
made
87%
Left
87%
believe
87%
say
87%
if
87%
falling
87%
now
87%
around
86%
arm
86%
risk
86%
at
85%
rebel
84%
put
84%
bother
84%
Wondering
84%
lasts
83%
flight
82%
lying
82%
a.m.
81%
yes
80%
said
80%
Yes
80%
moment
80%
As
80%
every
79%
couch
79%
is
79%
make
79%
figure
78%
two
78%
all
77%
mistakes
76%
got
76%
fight
76%
parents'
76%
thirty
76%
When
75%
I'm
75%
place
75%
bills
74%
we'll
74%
nothing
74%
things
74%
pay
73%
But
73%
followed
73%
our
72%
hands
72%
everything
72%
street
72%
ran
72%
right
71%
crying
71%
into
71%
figured
71%
drawer
71%
it's
71%
slipping
71%
'Cause
70%
I've
70%
took
70%
like
70%
fell
70%
together
70%
what
70%
world
70%
this
69%
leave
68%
hard
68%
taking
68%
known
68%
goodbye
68%
secrets
67%
I'll
67%
alone
67%
there's
67%
about
67%
myself
66%
forward
66%
Flash
66%
take
66%
thought
65%
surprise
65%
She
63%
start
61%
learn
61%
guarded
61%
lights
61%
city
60%
how
60%
Braced
59%
felt
57%
Then
55%
saw
53%
Hold
46%
gonna
46%
turn
44%

Score Distribution

Percentile by Number Answered

Percent of People with Each Score

Your Score History

You have not taken this quiz since the last reset